Statistics for Riddles!

Click here to take the quiz!

General Stats

  • This quiz has been taken 126 times
  • The average score is 6 of 11

Answer Stats

HintAnswer% Correct
What can you catch but not throw?cold
92%
What gets wetter and wetter the more it dries?towel
92%
You use a knife to slice my head and weep beside me when I am dead. What am I?onion
71%
Whats black and white and red all over? What am I?newspaper
64%
I have holes everywhere on me but I can still hold water. What am I?sponge
63%
The person who invented it doesn't want it. The man who bought it doesn't need it. The man who needs it doesn't know. What is "it"coffin
60%
Give me food I will live. Give me water and I will die. What am I?Fire
52%
A certain crime is punishable if attempted but not punishable if committed. What is it?Suicide
46%
I am always in front of you but you can never see me. What am I?future
33%
I am always behind you but you can never see me. What am I?yesterday
33%
I went into the woods and got it. I sat down to seek it. I brought it home with me because I couldn't find it. What is it?splinter
8%

Score Distribution

Percentile by Number Answered

Percent of People with Each Score

Your Score History

You have not taken this quiz